Everton Goalscorers 18/19 - Statistics

General Stats
  • This quiz has been taken 6 times
  • The average score is 29 of 62
Answer Stats
Competition Opposition Answer % Correct
Premier League Wolverhampton Wanderers Richarlison
80%
Premier League Brighton & Hove Albion Richarlison
80%
Richarlison
80%
Premier League Newcastle United Richarlison
80%
Premier League Watford Richarlison
80%
Premier League Manchester City Domenic Calvert-Lewin
60%
Gylfi Sigurdsson
60%
Premier League Southampton Gylfi Sigurdsson
60%
Premier League Cardiff City Gylfi Sigurdsson
60%
Gylfi Sigurdsson
60%
Gylfi Sigurdsson
60%
Gylfi Sigurdsson
60%
Richarlison
60%
Richarlison
60%
Premier League Leicester City Richarlison
60%
Richarlison
60%
Premier League Tottenham Hotspur Theo Walcott
60%
FA Cup Lincoln City Ademola Lookman
40%
Premier League Wolverhampton Wanderers Andre Gomes
40%
Premier League Burnley Ben Mee (OG)
40%
Bernard
40%
Bernard
40%
Cenk Tosun
40%
Cenk Tosun
40%
Cenk Tosun
40%
Cenk Tosun
40%
Domenic Calvert-Lewin
40%
Domenic Calvert-Lewin
40%
Premier League Huddersfield Town Domenic Calvert-Lewin
40%
Premier League Crystal Palace Domenic Calvert-Lewin
40%
Domenic Calvert-Lewin
40%
Domenic Calvert-Lewin
40%
Premier League Newcastle United Domenic Calvert-Lewin
40%
Gyldi Sigurdsson
40%
EFL Cup Rotherham United Gylfi Sigurdsson
40%
Premier League West Ham United Gylfi Sigurdsson
40%
Premier League Fulham Gylfi Sigurdsson
40%
Gylfi Sigurdsson
40%
Premier League Manchester United Gylfi Sigurdsson
40%
Premier League Cardiff City Gylfi Sigurdsson
40%
Gylfi Sigurdsson
40%
Premier League AFC Bournemouth Kurt Zouma
40%
Premier League West Ham United Kurt Zouma
40%
Lucas Digne
40%
Lucas Digne
40%
Lucas Digne
40%
Lucas Digne
40%
Michael Keane
40%
Premier League Arsenal Phil Jagielka
40%
FA Cup Millwall Richarlison
40%
Premier League Huddersfield Town Richarlison
40%
Richarlison
40%
Premier League Chelsea Richarlison
40%
Premier League Manchester United Richarlison
40%
Seamus Coleman
40%
Seamus Coleman
40%
Premier League Southampton Theo Walcott
40%
Premier League AFC Bournemouth Theo Walcott
40%
EFL Cup Southampton Theo Walcott
40%
Theo Walcott
40%
Premier League Tottenham Hotspur Theo Walcott
40%
Premier League Burnley Yerry Mina
40%
No matching quizzes found
Score Distribution
Percent of People with Each Score
Percentile by Number Answered
Your Score History
You have not taken this quiz